Joueur de la saison en PL entre 2010 et 2025 - Statistiques

Statistiques générales
  • Ce quiz a été pris 75 fois
  • Le résultat moyen est 12 sur 16
Statistiques - réponses
Saison Club Joueur % Correct
2017 - 2018 Liverpool FC Mohamed Salah
99%
2024 - 2025 Liverpool FC Mohamed Salah
99%
2022 - 2023 Manchester City Erling Haaland
94%
2019 - 2020 Manchester City Kevin De Bruyne
94%
2021 - 2022 Manchester City Kevin De Bruyne
94%
2009 - 2010 Manchester United Wayne Rooney
86%
2015 - 2016 Leicester City Riyad Mahrez
82%
2016 - 2017 FC Chelsea N'Golo Kanté
76%
2018 - 2019 Liverpool FC Virgil Van Dijk
76%
2023 - 2024 Manchester City Phil Foden
73%
2014 - 2015 FC Chelsea Eden Hazard
68%
2013 - 2014 Liverpool FC Luis Suarez
56%
2020 - 2021 Manchester City Ruben Dias
48%
2012 - 2013 Tottenham Hotspur Gareth Bale
46%
2010 - 2011 Manchester United Nemanja Vidic
35%
2011 - 2012 Manchester City Vincent Kompany
34%
Aucun quiz correspondant
Distribution des résultats
% des personnes avec chaque résultat
Percentile par nombre de réponses
Votre historique - résultats
Vous n’avez pas pris ce quiz